[Event "EST-ch"]
[Site "Kilingi Nomme"]
[Date "2002.08.15"]
[Round "6"]
[White "Zavoronkov, Vladimir"]
[Black "Kulaots, Kaido"]
[Result "0-1"]
[WhiteElo "2385"]
[BlackElo "2542"]
[PlyCount "68"]
[EventDate "2002.08.10"]
[EventType "tourn"]
[EventRounds "9"]
[EventCountry "EST"]
[EventCategory "8"]
[SourceTitle "EXT 2003"]
[Source "ChessBase"]
[SourceDate "2002.11.25"]
[SourceVersion "1"]
[SourceVersionDate "2002.11.25"]
[SourceQuality "1"]

1. e4 c5 2. Nf3 e6 3. d4 cxd4 4. Nxd4 a6 5. Bd3 Nf6 6. c4 Nc6 7. Nxc6 dxc6 8. 0-0 e5 9. Qc2 Bc5 10. Nd2 a5 11. Nb3 Be7 12. a4 Bb4 13. f4 Nd7 14. Be3 exf4 15. Rxf4 Ne5 16. Rd1 Qe7 17. Bd4 0-0 18. c5 f6 19. Bxe5 Qxe5 20. Bc4+ Kh8 21. Rh4 g5 22. Rh6 Kg7 23. Rh5 Bg4 24. Be2 Bxh5 25. Bxh5 Rad8 26. Rf1 f5 27. exf5 Qe3+ 28. Kh1 Qd3 29. Qxd3 Rxd3 30. Nc1 Rd5 31. Bg4 h5 32. Bxh5 Rdxf5 33. Rxf5 Rxf5 34. Be2 Re5 0-1

[Event "EST-ch"]
[Site "Kilingi Nomme"]
[Date "2002.08.13"]
[Round "4"]
[White "Sepp, Olav"]
[Black "Zavoronkov, Vladimir"]
[Result "1-0"]
[WhiteElo "2430"]
[BlackElo "2385"]
[PlyCount "119"]
[EventDate "2002.08.10"]
[EventType "tourn"]
[EventRounds "9"]
[EventCountry "EST"]
[EventCategory "8"]
[SourceTitle "EXT 2003"]
[Source "ChessBase"]
[SourceDate "2002.11.25"]
[SourceVersion "1"]
[SourceVersionDate "2002.11.25"]
[SourceQuality "1"]

1. Nf3 Nf6 2. g3 c5 3. Bg2 Nc6 4. 0-0 e5 5. d3 d6 6. c4 h6 7. Nc3 Be6 8. a3 Qd7 9. Qa4 Be7 10. b4 0-0 11. bxc5 dxc5 12. Rb1 Rab8 13. Re1 Rfd8 14. Nd2 Bh3 15. Bh1 Ng4 16. Nd5 f5 17. Nf1 Rf8 18. Nxe7+ Qxe7 19. Bxc6 bxc6 20. Rxb8 Rxb8 21. Qxc6 Kh7 22. Be3 Qf7 23. Bxc5 f4 24. Qe4+ Kh8 25. f3 Qc7 26. Bb4 Nf6 27. Qg6 a5 28. Bd2 Rb2 29. gxf4 exf4 30. Bc3 Qb6+ 31. Kh1 Qf2 32. Bxf6 gxf6 33. Qxh6+ Kg8 34. Qg6+ Kf8 35. Qxf6+ Ke8 36. Qe5+ Kd7 37. Qg7+ Kc6 38. Qf6+ Kc7 39. Qxf4+ Kb7 40. Qf7+ Ka6 41. Qg6+ Rb6 42. Qg3 Bg2+ 43. Qxg2 Qxe1 44. Kg1 Qa1 45. Kf2 Qxa3 46. Ne3 Qc5 47. f4 Rb7 48. Qe4 a4 49. d4 Qc7 50. c5 Ka7 51. c6 Rb5 52. d5 a3 53. d6 Qb6 54. c7 Rc5 55. Qa4+ Kb7 56. Qe4+ Rc6 57. Qe8 a2 58. Qb8+ Ka6 59. c8Q+ Rxc8 60. Qxc8+ 1-0

[Event "FIN-chT1B 0102"]
[Site "Finland"]
[Date "2001.10.??"]
[Round "3.1"]
[White "Aijala, Jouko"]
[Black "Zavoronkov, Vladimir"]
[Result "0-1"]
[WhiteElo "2156"]
[BlackElo "2383"]
[PlyCount "68"]
[EventDate "2001.10.??"]
[EventType "team-tourn"]
[EventRounds "7"]
[EventCountry "FIN"]
[SourceTitle "EXT 2022"]
[Source "ChessBase"]
[SourceDate "2021.10.06"]
[SourceVersion "1"]
[SourceVersionDate "2021.10.06"]
[SourceQuality "1"]
[WhiteTeam "Lahti S"]
[BlackTeam "Helsinki RikSha"]
[WhiteTeamCountry "FIN"]
[BlackTeamCountry "FIN"]

1. e4 c5 2. Nf3 d6 3. d4 cxd4 4. Nxd4 Nf6 5. Nc3 Nc6 6. Bc4 Qb6 7. Nb3 e6 8. 0-0 a6 9. Be3 Qc7 10. f4 Be7 11. a3 0-0 12. Bd3 b5 13. Qf3 Bd7 14. Rae1 b4 15. Ne2 e5 16. f5 bxa3 17. bxa3 Na5 18. g4 d5 19. exd5 Nc4 20. Bc1 e4 21. Bxe4 Rae8 22. Ng3 Ne5 23. Qg2 Bb5 24. h3 Bxf1 25. Kxf1 Bd6 26. g5 Nxe4 27. Nxe4 Kh8 28. f6 g6 29. Nxd6 Qxd6 30. Nd2 Nd7 31. Re7 Rxe7 32. fxe7 Qxe7 33. Bb2+ Kg8 34. Ne4 Re8 0-1

[Event "FIN-chT1B 0102"]
[Site "Finland"]
[Date "2001.10.??"]
[Round "2.1"]
[White "Zavoronkov, Vladimir"]
[Black "Pirttimaki, Timo"]
[Result "1-0"]
[WhiteElo "2383"]
[BlackElo "2251"]
[PlyCount "59"]
[EventDate "2001.10.??"]
[EventType "team-tourn"]
[EventRounds "7"]
[EventCountry "FIN"]
[SourceTitle "EXT 2022"]
[Source "ChessBase"]
[SourceDate "2021.10.06"]
[SourceVersion "1"]
[SourceVersionDate "2021.10.06"]
[SourceQuality "1"]
[WhiteTeam "Helsinki RikSha"]
[BlackTeam "Helsinki KS 58"]
[WhiteTeamCountry "FIN"]
[BlackTeamCountry "FIN"]

1. e4 c5 2. Nf3 g6 3. c4 Bg7 4. d4 Qb6 5. Nc3 d6 6. Nd5 Qc6 7. Be3 Bg4 8. Be2 Nd7 9. 0-0 e6 10. Nc3 Ne7 11. h3 Bxf3 12. Bxf3 cxd4 13. Bxd4 Bxd4 14. Qxd4 e5 15. Qd2 a6 16. Rfd1 Nb6 17. b3 Rd8 18. Qh6 Qc8 19. Rd3 Nc6 20. Bg4 Qc7 21. a4 a5 22. Nb5 Qe7 23. Rad1 Nd4 24. Nxd4 exd4 25. Rxd4 Qe5 26. Kh1 Ke7 27. f4 Qc5 28. e5 dxe5 29. Rxd8 Rxd8 30. Qh4+ 1-0

[Event "Tallinn m"]
[Site "Tallinn"]
[Date "2000.??.??"]
[Round "?"]
[White "Zavoronkov, Vladimir"]
[Black "Dzjuba, Vsevolod"]
[Result "1-0"]
[WhiteElo "2380"]
[BlackElo "2274"]
[PlyCount "107"]
[EventDate "2000.??.??"]
[EventType "match"]
[EventRounds "1"]
[EventCountry "EST"]
[SourceTitle "EXT 2001"]
[Source "ChessBase"]
[SourceDate "2000.11.22"]
[SourceVersion "1"]
[SourceVersionDate "2000.11.22"]
[SourceQuality "1"]

1. e4 c5 2. Nf3 Nc6 3. Bb5 g6 4. 0-0 Bg7 5. Re1 Nf6 6. e5 Nd5 7. Nc3 Nc7 8. Bxc6 dxc6 9. Ne4 b6 10. b3 0-0 11. Bb2 Bg4 12. h3 Bxf3 13. Qxf3 Ne6 14. Qg3 Nd4 15. Rac1 Nf5 16. Qc3 Qd4 17. Qxd4 cxd4 18. f4 h5 19. g4 hxg4 20. hxg4 Nh6 21. Nf2 Rfd8 22. Kg2 c5 23. Kf3 f5 24. g5 Ng4 25. Nxg4 fxg4+ 26. Kxg4 e6 27. Re4 Kf7 28. Rh1 Rh8 29. Ree1 Ke7 30. Kf3 Kd7 31. c3 dxc3 32. Bxc3 Kc6 33. Ke4 Rxh1 34. Rxh1 Rh8 35. Rc1 Rh3 36. a4 a6 37. a5 bxa5 38. Ra1 Bf8 39. Rxa5 Kb6 40. Ra4 Kb5 41. Rc4 Be7 42. d4 cxd4 43. Kxd4 Rf3 44. Ke4 Rh3 45. Rc8 Bc5 46. Rb8+ Kc6 47. Bd4 Kc7 48. Rg8 Bxd4 49. Kxd4 Rxb3 50. Rxg6 Rb4+ 51. Kc5 Rxf4 52. Rg7+ Kb8 53. g6 a5 54. Rf7 1-0

[Event "EST-chT"]
[Site "Tallinn"]
[Date "1998.??.??"]
[Round "8"]
[White "Kovaljov, Denis"]
[Black "Zavoronkov, Vladimir"]
[Result "1-0"]
[WhiteElo "2185"]
[BlackElo "2395"]
[PlyCount "43"]
[EventDate "1998.??.??"]
[EventType "team"]
[EventRounds "10"]
[EventCountry "EST"]
[SourceTitle "EXT 1999"]
[Source "ChessBase"]
[SourceDate "1998.11.16"]
[SourceVersion "1"]
[SourceVersionDate "1998.11.16"]
[SourceQuality "1"]

1. Nf3 Nf6 2. g3 d5 3. c4 c6 4. b3 Bg4 5. Bb2 Bxf3 6. exf3 Nbd7 7. d4 e6 8. Nd2 dxc4 9. Bxc4 Qa5 10. 0-0 Ba3 11. Bxe6 Bxb2 12. Bxd7+ Kxd7 13. Nc4 Qc3 14. Rb1 Qxd4 15. Qc2 Kc7 16. Rfd1 Qc5 17. b4 Qxb4 18. Rxb2 Qe7 19. Rxb7+ Kxb7 20. Na5+ Ka6 21. Nxc6 Qa3 22. Rb1 1-0

[Event "EST-chT"]
[Site "Tallinn"]
[Date "1998.??.??"]
[Round "5"]
[White "Leito, Priit"]
[Black "Zavoronkov, Vladimir"]
[Result "1/2-1/2"]
[WhiteElo "2355"]
[BlackElo "2395"]
[PlyCount "29"]
[EventDate "1998.??.??"]
[EventType "team"]
[EventRounds "10"]
[EventCountry "EST"]
[SourceTitle "EXT 1999"]
[Source "ChessBase"]
[SourceDate "1998.11.16"]
[SourceVersion "1"]
[SourceVersionDate "1998.11.16"]
[SourceQuality "1"]

1. c4 e5 2. Nc3 Nf6 3. g3 Bb4 4. Bg2 0-0 5. e4 Bxc3 6. dxc3 d6 7. Qe2 Be6 8. Nf3 h6 9. 0-0 Qd7 10. Ne1 a6 11. b3 b5 12. c5 Qc6 13. Nd3 Nbd7 14. cxd6 cxd6 15. Bd2 1/2-1/2

[Event "EST-chT"]
[Site "Tallinn"]
[Date "1998.??.??"]
[Round "9"]
[White "Remmel, Anto"]
[Black "Zavoronkov, Vladimir"]
[Result "1/2-1/2"]
[WhiteElo "2245"]
[BlackElo "2395"]
[PlyCount "34"]
[EventDate "1998.??.??"]
[EventType "team"]
[EventRounds "10"]
[EventCountry "EST"]
[SourceTitle "EXT 1999"]
[Source "ChessBase"]
[SourceDate "1998.11.16"]
[SourceVersion "1"]
[SourceVersionDate "1998.11.16"]
[SourceQuality "1"]

1. e4 c5 2. Nf3 Nc6 3. Bb5 Qc7 4. c3 Nf6 5. Qe2 a6 6. Bxc6 Qxc6 7. d3 c4 8. Nbd2 cxd3 9. Qxd3 d6 10. 0-0 e5 11. Re1 Be7 12. Nf1 Be6 13. Bg5 h6 14. Bxf6 Bxf6 15. Ne3 0-0 16. Red1 Be7 17. Nd5 Bxd5 1/2-1/2

[Event "EST-chT"]
[Site "Tallinn"]
[Date "1998.??.??"]
[Round "10"]
[White "Zavoronkov, Vladimir"]
[Black "Leito, Priit"]
[Result "1-0"]
[WhiteElo "2395"]
[BlackElo "2355"]
[PlyCount "132"]
[EventDate "1998.??.??"]
[EventType "team"]
[EventRounds "10"]
[EventCountry "EST"]
[SourceTitle "EXT 1999"]
[Source "ChessBase"]
[SourceDate "1998.11.16"]
[SourceVersion "1"]
[SourceVersionDate "1998.11.16"]
[SourceQuality "1"]

1. e4 c5 2. Nf3 e6 3. d4 cxd4 4. Nxd4 Nc6 5. Nc3 d6 6. Be2 Nf6 7. 0-0 Be7 8. Be3 0-0 9. f4 e5 10. Nb3 exf4 11. Bxf4 Be6 12. Kh1 d5 13. e5 Nd7 14. Nxd5 Ndxe5 15. Nxe7+ Qxe7 16. Qe1 f6 17. Qf2 Rad8 18. Bxe5 fxe5 19. Qe3 Bf5 20. c3 e4 21. Rad1 Rxd1 22. Rxd1 Rd8 23. Rxd8+ Qxd8 24. Kg1 b6 25. Qf4 Bg6 26. Nd2 Qe7 27. Nc4 Qc5+ 28. Kf1 h6 29. Nd6 Ne5 30. Nxe4 Bxe4 31. Qxe4 Qf8+ 32. Kg1 Qc5+ 33. Kf1 Qf8+ 34. Kg1 Qf6 35. Bd1 Kh8 36. Qd5 Nc6 37. Bc2 g6 38. Bb3 Ne7 39. Qd4 Qxd4+ 40. cxd4 Nf5 41. Bc2 Nxd4 42. Bxg6 Kg7 43. Be4 Kf6 44. Kf2 Ke5 45. Ke3 Ne6 46. Bf3 Nc5 47. Bc6 Kd6 48. Be8 Ke5 49. g3 Kd5 50. h4 Ke5 51. g4 Ne4 52. Bg6 Nc5 53. Bc2 Ne6 54. Bd1 Nc5 55. a4 Ne4 56. Bc2 Nd6 57. Bd3 Nf7 58. b3 Nd6 59. g5 hxg5 60. hxg5 Ne8 61. g6 Ng7 62. Bc4 Nf5+ 63. Kd3 Ng7 64. Bf7 Nh5 65. Kc4 Kd6 66. Kd4 Ng7 1-0

[Event "EST-chT"]
[Site "Tallinn"]
[Date "1998.??.??"]
[Round "4"]
[White "Zavoronkov, Vladimir"]
[Black "Remmel, Anto"]
[Result "1/2-1/2"]
[WhiteElo "2395"]
[BlackElo "2245"]
[PlyCount "75"]
[EventDate "1998.??.??"]
[EventType "team"]
[EventRounds "10"]
[EventCountry "EST"]
[SourceTitle "EXT 1999"]
[Source "ChessBase"]
[SourceDate "1998.11.16"]
[SourceVersion "1"]
[SourceVersionDate "1998.11.16"]
[SourceQuality "1"]

1. e4 e6 2. d4 d5 3. Nc3 Bb4 4. e5 Ne7 5. a3 Bxc3+ 6. bxc3 b6 7. h4 Ba6 8. Bxa6 Nxa6 9. Qg4 Nf5 10. h5 h6 11. Nf3 Qd7 12. Nh4 Rg8 13. a4 0-0-0 14. Qe2 Kb7 15. Nxf5 exf5 16. Rh4 c6 17. Ba3 Nc7 18. Kf1 Ne6 19. Bd6 g5 20. hxg6 Rxg6 21. Qf3 Rdg8 22. g3 f4 23. Rxf4 Nxf4 24. Qxf4 h5 25. Ke2 Rg5 26. a5 b5 27. a6+ Kc8 28. Bc5 R8g6 29. Rh1 Rf5 30. Qh4 f6 31. f4 Qg7 32. exf6 Rgxf6 33. Kf2 Re6 34. Re1 Rxe1 35. Kxe1 Rf7 36. Bd6 Qg6 37. Be5 Kd7 38. Kd2 1/2-1/2

[Event "EST-chT"]
[Site "Tallinn"]
[Date "1998.??.??"]
[Round "7"]
[White "Zavoronkov, Vladimir"]
[Black "Sepp, Olav"]
[Result "1-0"]
[WhiteElo "2395"]
[BlackElo "2400"]
[PlyCount "62"]
[EventDate "1998.??.??"]
[EventType "team"]
[EventRounds "10"]
[EventCountry "EST"]
[SourceTitle "EXT 1999"]
[Source "ChessBase"]
[SourceDate "1998.11.16"]
[SourceVersion "1"]
[SourceVersionDate "1998.11.16"]
[SourceQuality "1"]

1. e4 e5 2. Bc4 Nf6 3. d3 Nc6 4. Nc3 d6 5. f4 Bg4 6. Nf3 Nd4 7. fxe5 Bxf3 8. gxf3 dxe5 9. f4 exf4 10. Bxf4 Bc5 11. e5 Nd7 12. Qg4 Qh4+ 13. Qxh4 Nf3+ 14. Kd1 Nxh4 15. Nd5 Bb6 16. e6 fxe6 17. Nxb6 cxb6 18. Bxe6 Nc5 19. Bc4 Ng2 20. Bb5+ Kf7 21. Bd2 Rhf8 22. Rg1 Nh4 23. Bc4+ Ne6 24. Rf1+ Kg6 25. Rg1+ Kf7 26. Bc3 g6 27. Rf1+ Nf5 28. Kd2 Rfe8 29. Rae1 a6 30. a4 Rad8 31. Re4 Rd6 1-0

[Event "EST-chT"]
[Site "Tallinn"]
[Date "1998.??.??"]
[Round "1"]
[White "Zavoronkov, Vladimir"]
[Black "Vetemaa, Juri"]
[Result "1-0"]
[WhiteElo "2395"]
[BlackElo "2325"]
[PlyCount "126"]
[EventDate "1998.??.??"]
[EventType "team"]
[EventRounds "10"]
[EventCountry "EST"]
[SourceTitle "EXT 1999"]
[Source "ChessBase"]
[SourceDate "1998.11.16"]
[SourceVersion "1"]
[SourceVersionDate "1998.11.16"]
[SourceQuality "1"]

1. e4 g6 2. d4 c6 3. f4 d5 4. e5 h5 5. c4 Nh6 6. Nc3 Be6 7. Qb3 Qd7 8. Nf3 dxc4 9. Bxc4 Bxc4 10. Qxc4 e6 11. b3 b5 12. Qe2 Nf5 13. Ne4 Be7 14. Bb2 Na6 15. a4 Nb4 16. 0-0 Nd5 17. axb5 cxb5 18. Ra5 Nxf4 19. Qxb5 Qxb5 20. Rxb5 0-0 21. Ra1 Rfc8 22. Ne1 Rab8 23. Rxb8 Rxb8 24. Kf2 Rxb3 25. Bc1 Nd5 26. Rxa7 Nxd4 27. Nd6 Nc6 28. Ra8+ Rb8 29. Rxb8+ Nxb8 30. Ne4 Nc6 31. Nd3 Ndb4 32. Nxb4 Bxb4 33. Bb2 Na5 34. Bd4 Nb3 35. Be3 Na5 36. Kf3 Nc6 37. Nf6+ Kg7 38. Nd7 Be7 39. Ke4 g5 40. Bd2 Kg6 41. h3 h4 42. Bc3 Ba3 43. Be1 Bb2 44. Bf2 Kh6 45. g4 Ne7 46. Be3 Nd5 47. Bd2 Bc3 48. Bc1 Be1 49. Nc5 Bg3 50. Nd3 Nc3+ 51. Kf3 Kg6 52. Bb2 Nd5 53. Ke4 Bf4 54. Bd4 Kg7 55. Bf2 f6 56. exf6+ Nxf6+ 57. Kd4 Bb8 58. Be1 Nxg4 59. hxg4 h3 60. Ke4 h2 61. Nf2 Bg3 62. Bc3+ Kf7 63. Nh1 Ke7 1-0

[Event "RUS-Cup01 Chigorin Memorial"]
[Site "St Petersburg"]
[Date "1997.11.08"]
[Round "8"]
[White "Zavoronkov, Vladimir"]
[Black "Shulman, Yuri"]
[Result "0-1"]
[WhiteElo "2400"]
[BlackElo "2510"]
[PlyCount "104"]
[EventDate "1997.11.01"]
[EventType "swiss"]
[EventRounds "9"]
[EventCountry "RUS"]
[SourceTitle "CBM 062"]
[Source "ChessBase"]
[SourceDate "1998.01.31"]
[SourceVersion "1"]
[SourceVersionDate "1998.01.31"]
[SourceQuality "1"]

1. e4 c5 2. Nf3 e6 3. d4 cxd4 4. Nxd4 Nc6 5. Nb5 d6 6. c4 Nf6 7. N1c3 a6 8. Na3 b6 9. Be3 Nb8 10. Be2 Bb7 11. f3 Nbd7 12. 0-0 Be7 13. Qd4 0-0 14. Rfd1 Re8 15. Kh1 d5 16. exd5 exd5 17. Bg5 h6 18. Bh4 g5 19. Bg3 Bc5 20. Qd2 Be3 21. Qd3 d4 22. Nd5 Nxd5 23. cxd5 Nc5 24. Qf5 Bxd5 25. Bc4 Be6 26. Bxe6 Nxe6 27. Be5 Ng7 28. Bxg7 Kxg7 29. Nc2 Qd6 30. Nxe3 Rxe3 31. h4 Re5 32. Qg4 Rd8 33. Rd3 Qe6 34. Qg3 Re3 35. Rad1 Rxd3 36. Rxd3 Qf5 37. Rd1 Rd7 38. Qf2 Qf6 39. hxg5 hxg5 40. Qe2 b5 41. Kg1 Qf4 42. Rd3 Rc7 43. Rd1 Rc6 44. Kf2 g4 45. g3 Qf5 46. f4 Rc2 47. Rd2 d3 48. Qe3 Qd5 49. Rxc2 dxc2 50. Qc3+ f6 51. Qc7+ Kh6 52. Qxc2 Qf3+ 0-1